[Event "GM Round Robin 2019"]
[Site "Paracin"]
[Date "2019.02.03"]
[Round "5.2"]
[White "Djordjevic, Vuk"]
[Black "Yang, Kaiqi"]
[Result "1/2-1/2"]
[BlackElo "2448"]
[WhiteElo "2408"]
[LiveChessVersion "1.4.8"]

1. e4 {[%clk 1:30:57]} e5 {[%clk 1:30:56]} 2. Nf3 {[%clk 1:31:24]} Nc6
{[%clk 1:31:23]} 3. d4 {[%clk 1:31:50]} exd4 {[%clk 1:31:49]} 4. Nxd4
{[%clk 1:32:17]} Nf6 {[%clk 1:30:21]} 5. Nxc6 {[%clk 1:32:03]} bxc6
{[%clk 1:30:50]} 6. Bd3 {[%clk 1:32:20]} d5 {[%clk 1:29:34]} 7. exd5
{[%clk 1:32:41]} cxd5 {[%clk 1:25:53]} 8. O-O {[%clk 1:33:03]} Be7
{[%clk 1:26:03]} 9. Bb5+ {[%clk 1:24:44]} Bd7 {[%clk 1:26:14]} 10. Bxd7+
{[%clk 1:25:11]} Qxd7 {[%clk 1:26:36]} 11. Nd2 {[%clk 1:25:35]} O-O
{[%clk 1:26:37]} 12. b3 {[%clk 1:25:36]} Qf5 {[%clk 1:16:27]} 13. Nf3
{[%clk 1:23:20]} c5 {[%clk 1:10:07]} 14. Bb2 {[%clk 0:59:22]} Rad8
{[%clk 0:59:59]} 15. Re1 {[%clk 0:47:48]} Ne4 {[%clk 0:48:35]} 16. Qd3
{[%clk 0:46:15]} Bf6 {[%clk 0:46:20]} 17. Bxf6 {[%clk 0:44:38]} Qxf6
{[%clk 0:46:46]} 18. c4 {[%clk 0:43:34]} Nc3 {[%clk 0:33:11]} 19. cxd5
{[%clk 0:34:34]} Nxd5 {[%clk 0:33:23]} 20. Qc4 {[%clk 0:30:29]} Nf4
{[%clk 0:32:54]} 21. Rad1 {[%clk 0:28:57]} h6 {[%clk 0:31:36]} 22. Qe4
{[%clk 0:24:57]} Rxd1 {[%clk 0:24:59]} 23. Rxd1 {[%clk 0:25:50]} Rd8
{[%clk 0:25:36]} 24. Rxd8+ {[%clk 0:19:49]} Qxd8 {[%clk 0:24:41]} 25. h3
{[%clk 0:18:28]} Ne6 {[%clk 0:22:30]} 26. Kh2 {[%clk 0:15:01]} Qd6+
{[%clk 0:14:43]} 27. g3 {[%clk 0:13:36]} Qa6 {[%clk 0:14:24]} 28. a4
{[%clk 0:08:17]} Qf1 {[%clk 0:09:51]} 29. Qe3 {[%clk 0:08:15]} Qd1
{[%clk 0:07:22]} 30. Kg2 {[%clk 0:07:53]} Qd5 {[%clk 0:07:39]} 31. Kh2
{[%clk 0:06:18]} a6 {[%clk 0:05:02]} 32. a5 {[%clk 0:03:26]} g6 {[%clk 0:02:46]}
33. Nd2 {[%clk 0:03:04]} Nd4 {[%clk 0:02:32]} 34. Qd3 {[%clk 0:02:01]} Qb7
{[%clk 0:01:56]} 35. Qe3 {[%clk 0:01:00]} Qd5 {[%clk 0:01:30]} 36. Qd3
{[%clk 0:00:59]} Qb7 {[%clk 0:01:59]} 37. Qe3 {[%clk 0:01:20]} Qd5
{[%clk 0:01:21]} 1/2-1/2

[Event "GM Round Robin 2019"]
[Site "Paracin"]
[Date "2019.02.03"]
[Round "5.3"]
[White "Oglaza, Oskar"]
[Black "Raja, Rithvik R"]
[Result "1-0"]
[BlackElo "2431"]
[WhiteElo "2320"]
[LiveChessVersion "1.4.8"]

1. e4 {[%clk 1:30:49]} e5 {[%clk 1:30:55]} 2. Nf3 {[%clk 1:31:14]} Nc6
{[%clk 1:31:21]} 3. d4 {[%clk 1:31:38]} exd4 {[%clk 1:31:47]} 4. Nxd4
{[%clk 1:32:02]} Bc5 {[%clk 1:32:13]} 5. Nb3 {[%clk 1:32:24]} Bb6
{[%clk 1:32:39]} 6. Nc3 {[%clk 1:32:46]} Nf6 {[%clk 1:32:44]} 7. Qe2
{[%clk 1:32:55]} O-O {[%clk 1:32:35]} 8. Be3 {[%clk 1:32:58]} d5 {[%clk 1:32:59]}
9. O-O-O {[%clk 1:32:36]} d4 {[%clk 1:33:24]} 10. Bg5 {[%clk 1:32:25]} Bg4
{[%clk 1:33:49]} 11. f3 {[%clk 1:31:11]} Be6 {[%clk 1:34:12]} 12. Kb1
{[%clk 1:17:20]} h6 {[%clk 1:34:36]} 13. Bh4 {[%clk 1:02:48]} Re8
{[%clk 1:34:45]} 14. Qe1 {[%clk 1:01:55]} Qe7 {[%clk 1:26:39]} 15. Ne2
{[%clk 0:50:26]} Bxb3 {[%clk 1:14:33]} 16. axb3 {[%clk 0:50:00]} a5
{[%clk 1:14:57]} 17. Ng3 {[%clk 0:47:42]} a4 {[%clk 1:15:09]} 18. Nf5
{[%clk 0:32:38]} Qe5 {[%clk 1:15:21]} 19. Bc4 {[%clk 0:28:41]} axb3
{[%clk 1:13:11]} 20. cxb3 {[%clk 0:28:55]} Ra5 {[%clk 1:03:56]} 21. b4
{[%clk 0:25:03]} Ra4 {[%clk 0:51:18]} 22. Bg3 {[%clk 0:25:05]} Qxf5
{[%clk 0:51:43]} 23. exf5 {[%clk 0:25:25]} Rxe1 {[%clk 0:52:11]} 24. Bxe1
{[%clk 0:24:45]} Ne7 {[%clk 0:50:34]} 25. Bb3 {[%clk 0:23:06]} Ra8
{[%clk 0:51:02]} 26. g4 {[%clk 0:23:26]} Ned5 {[%clk 0:50:40]} 27. Bf2
{[%clk 0:22:04]} Ne3 {[%clk 0:50:50]} 28. Rd2 {[%clk 0:19:02]} Re8
{[%clk 0:50:39]} 29. Re1 {[%clk 0:14:33]} Kf8 {[%clk 0:51:06]} 30. Kc1
{[%clk 0:13:34]} c5 {[%clk 0:45:47]} 31. bxc5 {[%clk 0:07:59]} Ba5
{[%clk 0:46:10]} 32. Ree2 {[%clk 0:06:45]} Bxd2+ {[%clk 0:46:19]} 33. Rxd2
{[%clk 0:07:09]} Re5 {[%clk 0:45:42]} 34. Rxd4 {[%clk 0:06:53]} Rxc5+
{[%clk 0:45:58]} 35. Kb1 {[%clk 0:04:58]} Re5 {[%clk 0:45:55]} 36. Rb4
{[%clk 0:03:44]} Nf1 {[%clk 0:43:45]} 37. Rxb7 {[%clk 0:02:34]} Nd2+
{[%clk 0:44:00]} 38. Kc2 {[%clk 0:03:00]} Nxf3 {[%clk 0:44:11]} 39. Rxf7+
{[%clk 0:01:39]} Ke8 {[%clk 0:44:40]} 40. Ba7 {[%clk 0:17:01]} Re2+
{[%clk 0:51:51]} 41. Kc3 {[%clk 0:13:21]} Ne4+ {[%clk 0:42:37]} 42. Kd3
{[%clk 0:12:22]} Rxb2 {[%clk 0:39:09]} 43. Rb7 {[%clk 0:12:06]} Kf8
{[%clk 0:36:47]} 44. Kxe4 {[%clk 0:11:39]} Nd2+ {[%clk 0:34:54]} 45. Kd3
{[%clk 0:08:03]} Nxb3 {[%clk 0:34:26]} 46. Kc3 {[%clk 0:07:43]} Rxh2
{[%clk 0:34:51]} 47. Kxb3 {[%clk 0:04:38]} Rh3+ {[%clk 0:32:19]} 48. Kc2
{[%clk 0:03:25]} Rg3 {[%clk 0:27:01]} 49. Rb4 {[%clk 0:03:48]} Kf7
{[%clk 0:25:45]} 50. Kd2 {[%clk 0:02:44]} h5 {[%clk 0:25:48]} 51. Rb7+
{[%clk 0:02:56]} Kf8 {[%clk 0:24:55]} 52. gxh5 {[%clk 0:03:12]} Rg5
{[%clk 0:25:06]} 53. h6 {[%clk 0:03:26]} gxh6 {[%clk 0:25:13]} 54. f6
{[%clk 0:03:49]} Rf5 {[%clk 0:25:26]} 55. Bd4 {[%clk 0:04:14]} h5
{[%clk 0:25:45]} 56. Rh7 {[%clk 0:04:34]} Kg8 {[%clk 0:26:06]} 57. Rg7+
{[%clk 0:04:50]} Kf8 {[%clk 0:26:31]} 58. Ke3 {[%clk 0:05:08]} Ra5
{[%clk 0:26:39]} 59. Ke4 {[%clk 0:05:27]} 1-0

[Event "GM Round Robin 2019"]
[Site "Paracin"]
[Date "2019.02.03"]
[Round "5.5"]
[White "Mendonca, Leon Luke"]
[Black "Savic, Miodrag R"]
[Result "1/2-1/2"]
[BlackElo "2486"]
[WhiteElo "2350"]
[LiveChessVersion "1.4.8"]

1. d4 {[%clk 1:30:57]} Nf6 {[%clk 1:30:48]} 2. c4 {[%clk 1:31:19]} e6
{[%clk 1:31:08]} 3. Nc3 {[%clk 1:31:41]} Bb4 {[%clk 1:31:22]} 4. e3
{[%clk 1:32:05]} O-O {[%clk 1:31:38]} 5. Bd3 {[%clk 1:32:05]} d5 {[%clk 1:25:24]}
6. cxd5 {[%clk 1:29:19]} exd5 {[%clk 1:24:39]} 7. Nge2 {[%clk 1:29:00]} b6
{[%clk 1:17:42]} 8. O-O {[%clk 1:26:59]} Re8 {[%clk 1:08:49]} 9. Bd2
{[%clk 1:20:03]} a5 {[%clk 1:01:17]} 10. Rc1 {[%clk 1:10:14]} Ba6
{[%clk 1:00:50]} 11. Bb1 {[%clk 1:07:13]} Nbd7 {[%clk 0:58:35]} 12. Re1
{[%clk 1:05:42]} Nf8 {[%clk 0:57:47]} 13. Nf4 {[%clk 0:59:12]} Ng6
{[%clk 0:55:30]} 14. Qf3 {[%clk 0:55:08]} Bb7 {[%clk 0:49:11]} 15. a3
{[%clk 0:45:45]} Ne4 {[%clk 0:42:20]} 16. Qd1 {[%clk 0:37:18]} Nxc3
{[%clk 0:30:29]} 17. Bxc3 {[%clk 0:36:55]} Bd6 {[%clk 0:30:22]} 18. Qh5
{[%clk 0:31:15]} Nf8 {[%clk 0:24:08]} 19. Ba2 {[%clk 0:24:47]} c6
{[%clk 0:21:47]} 20. Bb1 {[%clk 0:23:25]} g6 {[%clk 0:19:57]} 21. Qg4
{[%clk 0:17:42]} Nd7 {[%clk 0:19:29]} 22. Rcd1 {[%clk 0:13:10]} Nf6
{[%clk 0:19:41]} 23. Qh4 {[%clk 0:12:23]} Ne4 {[%clk 0:19:51]} 24. Qxd8
{[%clk 0:11:07]} Raxd8 {[%clk 0:19:00]} 25. Ne2 {[%clk 0:10:00]} Ba6
{[%clk 0:19:02]} 26. Bd3 {[%clk 0:08:52]} Bc8 {[%clk 0:18:58]} 27. f3
{[%clk 0:07:24]} Nxc3 {[%clk 0:17:53]} 28. Nxc3 {[%clk 0:07:53]} b5
{[%clk 0:15:21]} 29. Kf2 {[%clk 0:05:58]} Bd7 {[%clk 0:14:31]} 30. Rc1
{[%clk 0:05:49]} Rb8 {[%clk 0:14:05]} 31. Re2 {[%clk 0:04:38]} b4
{[%clk 0:13:54]} 32. axb4 Rxb4 {[%clk 0:13:36]} 33. Ra1 {[%clk 0:05:00]} Ra8
{[%clk 0:13:31]} 34. Na4 {[%clk 0:04:25]} Rab8 {[%clk 0:13:51]} 35. g3
{[%clk 0:02:56]} Kf8 {[%clk 0:13:29]} 36. Ra2 {[%clk 0:02:46]} Ke7
{[%clk 0:13:47]} 37. Nc3 {[%clk 0:02:04]} Bc7 {[%clk 0:13:47]} 38. Na4
{[%clk 0:02:21]} Bd6 {[%clk 0:13:32]} 39. Nc3 {[%clk 0:02:46]} h5
{[%clk 0:13:09]} 40. h4 {[%clk 0:17:19]} Ra8 {[%clk 0:27:50]} 41. Na4
{[%clk 0:15:16]} Kd8 {[%clk 0:24:54]} 42. Rc2 {[%clk 0:14:41]} Rb3
{[%clk 0:24:51]} 43. Be2 {[%clk 0:13:36]} Kc7 {[%clk 0:18:58]} 44. Nc5
{[%clk 0:12:30]} Bf5 {[%clk 0:14:12]} 45. Rc1 {[%clk 0:12:15]} Bxc5
{[%clk 0:13:51]} 46. Rxc5 {[%clk 0:11:52]} a4 {[%clk 0:13:36]} 47. Bd1
{[%clk 0:09:58]} Rb4 {[%clk 0:13:49]} 48. Rc1 {[%clk 0:08:23]} Bd3
{[%clk 0:10:14]} 49. Be2 {[%clk 0:05:06]} Bxe2 {[%clk 0:10:24]} 50. Kxe2
{[%clk 0:05:35]} Rab8 {[%clk 0:10:37]} 51. Rc2 {[%clk 0:05:12]} Kd6
{[%clk 0:10:35]} 52. Kd2 {[%clk 0:04:46]} f6 {[%clk 0:09:41]} 53. Ke2
{[%clk 0:03:03]} Re8 {[%clk 0:09:37]} 54. Kf2 {[%clk 0:03:14]} Re7
{[%clk 0:09:31]} 55. Rc3 {[%clk 0:02:38]} Reb7 {[%clk 0:09:54]} 56. Rc2
{[%clk 0:02:43]} R7b5 {[%clk 0:09:47]} 57. Ke2 {[%clk 0:02:23]} c5
{[%clk 0:09:33]} 58. dxc5+ {[%clk 0:02:44]} Rxc5 {[%clk 0:10:02]} 59. Kd2
{[%clk 0:01:35]} g5 {[%clk 0:08:46]} 60. hxg5 {[%clk 0:01:27]} fxg5
{[%clk 0:09:15]} 61. Ra1 {[%clk 0:01:23]} Rcb5 {[%clk 0:07:29]} 62. Rh1
{[%clk 0:01:37]} h4 {[%clk 0:06:50]} 63. gxh4 {[%clk 0:01:45]} Rxh4
{[%clk 0:05:44]} 64. Rg1 {[%clk 0:02:12]} d4 {[%clk 0:05:09]} 65. exd4
{[%clk 0:01:59]} Rxd4+ {[%clk 0:05:31]} 66. Kc1 {[%clk 0:01:39]} Ke6
{[%clk 0:05:29]} 67. Rc3 {[%clk 0:01:26]} Kf5 {[%clk 0:05:45]} 68. Rg2 Rdb4
{[%clk 0:05:16]} 69. Kb1 {[%clk 0:00:34]} Rb3 {[%clk 0:05:30]} 70. Ka2
{[%clk 0:00:36]} Rxc3 71. bxc3 Rb3 {[%clk 0:03:57]} 72. Rc2 {[%clk 0:01:11]} Kf4
{[%clk 0:03:58]} 73. c4 {[%clk 0:01:39]} Kxf3 {[%clk 0:03:28]} 74. c5
{[%clk 0:02:08]} g4 {[%clk 0:03:30]} 75. c6 {[%clk 0:02:38]} Rb8 {[%clk 0:03:55]}
76. Ka3 {[%clk 0:02:47]} g3 {[%clk 0:01:59]} 77. Kxa4 {[%clk 0:03:06]} g2
{[%clk 0:01:47]} 78. Rxg2 {[%clk 0:03:30]} Kxg2 {[%clk 0:02:15]} 79. Ka5
{[%clk 0:03:59]} Kf3 {[%clk 0:02:26]} 80. c7 {[%clk 0:04:25]} Rh8
{[%clk 0:02:50]} 81. Ka6 {[%clk 0:04:50]} Ke4 {[%clk 0:03:15]} 82. Kb7
{[%clk 0:05:16]} Ke5 1/2-1/2

[Event "GM Round Robin 2019"]
[Site "Paracin"]
[Date "2019.02.04"]
[Round "7.1"]
[White "Djordjevic, Vuk"]
[Black "Mahalakshmi, M"]
[Result "1-0"]
[BlackElo "2219"]
[WhiteElo "2408"]
[LiveChessVersion "1.4.8"]

1. d4 {[%clk 1:30:49]} Nf6 {[%clk 1:30:33]} 2. Bg5 {[%clk 1:31:07]} d5
{[%clk 1:30:57]} 3. e3 {[%clk 1:31:08]} e6 {[%clk 1:30:19]} 4. Nf3
{[%clk 1:31:29]} c5 {[%clk 1:29:43]} 5. c4 {[%clk 1:24:58]} cxd4 {[%clk 1:26:50]}
6. exd4 {[%clk 1:14:46]} dxc4 {[%clk 1:26:02]} 7. Bxc4 {[%clk 1:14:13]} Be7
{[%clk 1:24:43]} 8. O-O {[%clk 1:11:41]} Nc6 {[%clk 1:24:22]} 9. Nc3
{[%clk 1:07:38]} O-O {[%clk 1:24:24]} 10. a3 {[%clk 1:04:50]} b6 {[%clk 1:21:21]}
11. Qd3 {[%clk 1:02:36]} Bb7 {[%clk 1:21:00]} 12. Rac1 {[%clk 0:54:22]} Na5
{[%clk 1:16:28]} 13. Ba2 {[%clk 0:51:14]} h6 {[%clk 1:14:10]} 14. Bf4
{[%clk 0:49:09]} Rc8 {[%clk 1:11:22]} 15. Rfd1 {[%clk 0:41:52]} a6
{[%clk 1:05:03]} 16. b4 {[%clk 0:38:38]} Nc6 {[%clk 1:04:40]} 17. d5
{[%clk 0:32:11]} exd5 {[%clk 1:03:16]} 18. Nxd5 {[%clk 0:32:23]} Nxd5
{[%clk 1:02:18]} 19. Bxd5 {[%clk 0:32:43]} b5 {[%clk 0:55:38]} 20. Bxh6
{[%clk 0:29:46]} Bf6 {[%clk 0:43:36]} 21. Be3 {[%clk 0:26:36]} Qd7
{[%clk 0:41:04]} 22. h3 {[%clk 0:19:54]} Nxb4 {[%clk 0:33:43]} 23. axb4
{[%clk 0:17:14]} Rxc1 {[%clk 0:31:47]} 24. Bxc1 {[%clk 0:17:10]} Rd8
{[%clk 0:32:12]} 25. Bxf7+ {[%clk 0:17:02]} Qxf7 {[%clk 0:29:32]} 26. Qxd8+
{[%clk 0:17:24]} Bxd8 {[%clk 0:29:55]} 27. Rxd8+ 1-0

[Event "GM Round Robin 2019"]
[Site "Paracin"]
[Date "2019.02.04"]
[Round "7.2"]
[White "Oglaza, Oskar"]
[Black "Fenil, Shah"]
[Result "0-1"]
[BlackElo "2400"]
[WhiteElo "2320"]
[LiveChessVersion "1.4.8"]

1. e4 {[%clk 1:30:54]} c6 {[%clk 1:30:50]} 2. d4 {[%clk 1:31:17]} d5
{[%clk 1:31:18]} 3. Nc3 {[%clk 1:31:40]} dxe4 {[%clk 1:31:42]} 4. Nxe4
{[%clk 1:32:05]} Bf5 {[%clk 1:32:08]} 5. Ng3 {[%clk 1:32:27]} Bg6
{[%clk 1:32:33]} 6. Nh3 {[%clk 1:32:37]} e6 {[%clk 1:32:39]} 7. Nf4
{[%clk 1:32:28]} Qh4 {[%clk 1:32:00]} 8. Nge2 {[%clk 1:31:54]} Bd6
{[%clk 1:21:47]} 9. g3 {[%clk 1:26:08]} Qe7 {[%clk 1:18:52]} 10. Bg2
{[%clk 1:21:50]} Nf6 {[%clk 1:17:21]} 11. Nxg6 {[%clk 1:06:28]} hxg6
{[%clk 1:17:44]} 12. Bg5 {[%clk 1:06:27]} Qc7 {[%clk 1:11:52]} 13. Qd2
{[%clk 0:51:54]} Nbd7 {[%clk 1:11:33]} 14. O-O {[%clk 0:46:12]} O-O
{[%clk 1:04:27]} 15. c4 {[%clk 0:43:29]} Rfd8 {[%clk 0:53:33]} 16. Rfd1
{[%clk 0:39:58]} e5 {[%clk 0:45:05]} 17. Qc2 {[%clk 0:27:26]} exd4
{[%clk 0:36:35]} 18. Nxd4 {[%clk 0:27:08]} a5 {[%clk 0:34:20]} 19. a4
{[%clk 0:18:00]} Nc5 {[%clk 0:18:59]} 20. h3 {[%clk 0:16:07]} Re8
{[%clk 0:16:02]} 21. Re1 {[%clk 0:14:31]} Qb6 {[%clk 0:14:15]} 22. Be3
{[%clk 0:11:23]} Rad8 {[%clk 0:12:27]} 23. Rad1 {[%clk 0:11:27]} Be5
{[%clk 0:04:34]} 24. Nf3 {[%clk 0:10:49]} Rxd1 {[%clk 0:04:36]} 25. Qxd1
{[%clk 0:10:27]} Bxb2 {[%clk 0:03:35]} 26. Qb1 {[%clk 0:08:03]} Nfd7
{[%clk 0:04:02]} 27. Re2 {[%clk 0:03:40]} Bc3 {[%clk 0:03:46]} 28. Qc1
{[%clk 0:03:13]} Qb3 {[%clk 0:03:13]} 29. Nd2 {[%clk 0:02:26]} Bxd2
{[%clk 0:03:02]} 30. Rxd2 {[%clk 0:02:41]} Rxe3 {[%clk 0:01:51]} 31. Rxd7
{[%clk 0:02:03]} Nxd7 {[%clk 0:01:10]} 32. fxe3 {[%clk 0:02:28]} Qxa4
{[%clk 0:01:34]} 33. Qd2 {[%clk 0:02:53]} Nf8 {[%clk 0:01:55]} 34. Qd8
{[%clk 0:02:28]} Qb4 {[%clk 0:01:56]} 35. Qa8 {[%clk 0:02:16]} a4
{[%clk 0:02:14]} 36. c5 {[%clk 0:02:42]} a3 {[%clk 0:02:27]} 37. Kh2
{[%clk 0:02:57]} Qb2 {[%clk 0:02:30]} 38. e4 {[%clk 0:03:09]} a2 {[%clk 0:02:52]}
39. e5 {[%clk 0:03:34]} a1=Q {[%clk 0:03:14]} 0-1

[Event "GM Round Robin 2019"]
[Site "Paracin"]
[Date "2019.02.04"]
[Round "7.3"]
[White "Lazic, Miroljub"]
[Black "Yang, Kaiqi"]
[Result "1/2-1/2"]
[BlackElo "2448"]
[WhiteElo "2458"]
[LiveChessVersion "1.4.8"]

1. e4 {[%clk 1:30:58]} e5 {[%clk 1:30:57]} 2. Nf3 {[%clk 1:31:24]} Nc6
{[%clk 1:31:25]} 3. Bc4 {[%clk 1:31:47]} Nf6 {[%clk 1:31:51]} 4. d3
{[%clk 1:32:13]} Be7 {[%clk 1:32:08]} 5. O-O {[%clk 1:32:37]} O-O
{[%clk 1:32:34]} 6. Re1 {[%clk 1:33:02]} d6 {[%clk 1:33:00]} 7. c3
{[%clk 1:33:27]} Na5 {[%clk 1:33:10]} 8. Bb5 {[%clk 1:33:50]} a6 {[%clk 1:33:39]}
9. Ba4 {[%clk 1:34:12]} b5 {[%clk 1:34:06]} 10. Bc2 {[%clk 1:34:34]} c5
{[%clk 1:34:33]} 11. Nbd2 {[%clk 1:34:58]} Nc6 {[%clk 1:34:59]} 1/2-1/2

[Event "GM Round Robin 2019"]
[Site "Paracin"]
[Date "2019.02.04"]
[Round "7.4"]
[White "Mendonca, Leon Luke"]
[Black "Raja, Rithvik R"]
[Result "1-0"]
[BlackElo "2431"]
[WhiteElo "2350"]
[LiveChessVersion "1.4.8"]

1. d4 {[%clk 1:30:57]} Nf6 {[%clk 1:30:31]} 2. c4 {[%clk 1:31:20]} e6
{[%clk 1:30:56]} 3. Nc3 {[%clk 1:31:40]} Bb4 {[%clk 1:31:21]} 4. e3
{[%clk 1:32:04]} O-O {[%clk 1:31:46]} 5. Bd3 {[%clk 1:32:18]} d5 {[%clk 1:32:11]}
6. cxd5 {[%clk 1:30:41]} exd5 {[%clk 1:32:35]} 7. Nge2 {[%clk 1:30:54]} Re8
{[%clk 1:33:00]} 8. O-O {[%clk 1:30:34]} Bd6 {[%clk 1:33:26]} 9. h3
{[%clk 1:21:02]} b6 {[%clk 1:32:54]} 10. a3 {[%clk 1:12:12]} Bb7 {[%clk 1:24:08]}
11. b4 {[%clk 1:11:12]} c6 {[%clk 1:24:33]} 12. Qc2 {[%clk 1:06:35]} Nbd7
{[%clk 1:22:23]} 13. Bd2 {[%clk 1:05:19]} a5 {[%clk 1:16:42]} 14. bxa5
{[%clk 0:54:05]} Rxa5 {[%clk 1:15:48]} 15. e4 {[%clk 0:51:42]} Nxe4
{[%clk 0:52:33]} 16. Bxe4 {[%clk 0:50:01]} dxe4 {[%clk 0:52:53]} 17. Nxe4
{[%clk 0:50:09]} Ra7 {[%clk 0:52:05]} 18. Nxd6 {[%clk 0:47:05]} Rxe2
{[%clk 0:52:18]} 19. Rfe1 {[%clk 0:29:11]} Rxe1+ {[%clk 0:50:14]} 20. Rxe1
{[%clk 0:28:15]} Nf6 {[%clk 0:49:27]} 21. Nxb7 {[%clk 0:23:54]} Rxb7
{[%clk 0:49:41]} 22. Qxc6 {[%clk 0:23:40]} Qd7 {[%clk 0:50:00]} 23. Qxd7
{[%clk 0:18:11]} Rxd7 {[%clk 0:50:25]} 24. Rb1 {[%clk 0:18:17]} Nd5
{[%clk 0:46:26]} 25. Kf1 {[%clk 0:18:31]} f6 {[%clk 0:46:13]} 26. Ke2
{[%clk 0:18:17]} Kf7 {[%clk 0:46:16]} 27. Kd3 {[%clk 0:17:06]} Ke6
{[%clk 0:43:43]} 28. Re1+ {[%clk 0:11:36]} Kd6 {[%clk 0:43:17]} 29. Re8
{[%clk 0:09:12]} Ra7 {[%clk 0:36:59]} 30. Rd8+ {[%clk 0:07:10]} Kc6
{[%clk 0:35:38]} 31. Kc4 {[%clk 0:07:16]} Ra4+ {[%clk 0:20:17]} 32. Bb4
{[%clk 0:07:29]} Nxb4 {[%clk 0:20:39]} 33. axb4 {[%clk 0:07:50]} b5+
{[%clk 0:17:24]} 34. Kb3 {[%clk 0:06:02]} Ra1 {[%clk 0:17:44]} 35. d5+
{[%clk 0:05:14]} Kb6 {[%clk 0:15:28]} 36. Rd7 {[%clk 0:05:12]} Rb1+
{[%clk 0:12:51]} 37. Kc3 {[%clk 0:05:30]} Rc1+ {[%clk 0:13:11]} 38. Kd3
{[%clk 0:04:56]} Rc7 {[%clk 0:10:04]} 39. Rxc7 {[%clk 0:04:42]} Kxc7
{[%clk 0:10:33]} 40. Kd4 {[%clk 0:19:40]} Kd6 {[%clk 0:25:59]} 41. h4
{[%clk 0:19:57]} g6 {[%clk 0:20:28]} 42. g4 {[%clk 0:20:16]} Kxd5+ 43. Ke4+ 1-0

[Event "GM Round Robin 2019"]
[Site "Paracin"]
[Date "2019.02.04"]
[Round "7.5"]
[White "Savic, Miodrag R"]
[Black "Lajthajm, Borko"]
[Result "1/2-1/2"]
[BlackElo "2431"]
[WhiteElo "2486"]
[LiveChessVersion "1.4.8"]

1. e4 {[%clk 1:30:59]} e5 {[%clk 1:30:51]} 2. Nf3 {[%clk 1:31:19]} Nf6
{[%clk 1:31:16]} 3. Nxe5 {[%clk 1:31:38]} d6 {[%clk 1:31:39]} 4. Nf3
{[%clk 1:31:52]} Nxe4 {[%clk 1:32:01]} 5. Qe2 {[%clk 1:31:45]} Qe7
{[%clk 1:32:22]} 6. d3 {[%clk 1:31:58]} Nf6 {[%clk 1:32:43]} 7. Bg5
{[%clk 1:32:04]} Qxe2+ {[%clk 1:33:05]} 8. Bxe2 {[%clk 1:32:17]} Be7
{[%clk 1:33:29]} 9. Nc3 {[%clk 1:32:24]} Nc6 {[%clk 1:33:49]} 10. O-O-O
{[%clk 1:32:21]} h6 {[%clk 1:34:08]} 11. Bxf6 {[%clk 1:32:44]} Bxf6
{[%clk 1:34:32]} 12. Nd5 {[%clk 1:33:06]} Bd8 {[%clk 1:34:55]} 13. a3
{[%clk 1:32:42]} Be6 {[%clk 1:35:16]} 1/2-1/2